000 00406nam a2200157Ia 4500
005 20250423100117.0
008 250422s9999 xx 000 0 und d
020 _a978- 0- 495- 50405- 4
050 _aHQ 734.L22/
100 _aLamanna, Mary Ann
245 0 _aMarriages and families: making choices in a diverse society
250 _a10th ed.
260 _bWadsworth
300 _a643 p
942 _cBK
999 _c32316
_d32316